| 000 | 00404nam a2200157 i 4500 | ||
|---|---|---|---|
| 001 | 62219 | ||
| 003 | ES-MaACL | ||
| 005 | 20230906164628.0 | ||
| 007 | t| | ||
| 008 | 031119m19761977it ||||1| ita d | ||
| 100 | 1 |
_aFederici, Mario. _949063 |
|
| 245 | 1 | 0 |
_aTeatro / _cMario Federici. |
| 260 |
_aRoma : _bEd. A.B.E.T.E., _c[1976-77] |
||
| 300 |
_a2 v. ; _c22 cm. |
||
| 852 |
_aES-MaACL _jA-6092-3 _bR.95140 |
||
| 999 |
_c62219 _d62219 |
||